|
|
|
|
| LEADER |
00000nam0a2200000 4500 |
| 001 |
47694 |
| 005 |
20231031030405.0 |
| 010 |
|
|
|a 5247015339
|
| 035 |
|
|
|a (RuTPU)RU\TPU\book\49810
|
| 090 |
|
|
|a 47694
|
| 100 |
|
|
|a 20030219d1991 km y0rusy50 ca
|
| 101 |
0 |
|
|a rus
|
| 102 |
|
|
|a RU
|
| 105 |
|
|
|a a z 001zy
|
| 200 |
1 |
|
|a Экспертная геолого-экономическая оценка рудных месторождений
|f В. П. Федорчук
|
| 210 |
|
|
|a Москва
|c Недра
|d 1991
|
| 215 |
|
|
|a 316 с.
|c ил.
|
| 320 |
|
|
|a Библиогр.: с. 316-317.
|
| 610 |
1 |
|
|a геология
|
| 610 |
1 |
|
|a рудные месторождения
|
| 610 |
1 |
|
|a оценка
|
| 610 |
1 |
|
|a геолого-экономическая оценка
|
| 610 |
1 |
|
|a экспертиза
|
| 610 |
1 |
|
|a экспертные оценки
|
| 675 |
|
|
|a 553.3/.4.04
|v 3
|
| 700 |
|
1 |
|a Федорчук
|b В. П.
|g Виктор Парфентьевич
|
| 801 |
|
1 |
|a RU
|b 63413507
|c 20030219
|g PSBO
|
| 801 |
|
2 |
|a RU
|b 63413507
|c 20110822
|g PSBO
|
| 900 |
|
|
|a Разведка и геолого-экономическая оценка МПИ
|
| 942 |
|
|
|c BK
|